3 indices - 1 ville #2 - Statistiques

Statistiques générales
  • Ce quiz a été pris 65 963 fois
  • Le résultat moyen est 10 sur 20
Statistiques - réponses
Indices Réponse % Correct
Benfica / Tour de Bélem / Pont Vasco da Gama Lisbonne
86%
Gondoles / Palais des Doges / Place Saint-Marc Venise
81%
Porte de Brandebourg / Ours d'or / Ancien Mur Berlin
77%
Croix-Rouge / Jet d'eau / Lac Léman Genève
76%
Parlement Européen / Cathédrale gothique / Palais Rohan Strasbourg
75%
Chanson de Jacques Brel / Canaux / Van Gogh Amsterdam
73%
Phare / Ancienne Bibliothèque / Fondée par un Conquérant Alexandrie
63%
Prix Nobel / Syndrome / Gamla Stan Stockholm
58%
Bollywood / Colaba / Marathi Mumbai
54%
Plaza de Mayo / Boca Juniors / Pampa Buenos Aires
52%
Ville aux clochers rêveurs / Tamise / Université Oxford
49%
Mont Royal / Juste pour Rire / Saint-Laurent Montréal
45%
La Petite Sirène / Château de Rosenborg / Jardins de Tivoli Copenhague
44%
Huangpu / Pudong / Ville la plus peuplée de son pays Shanghai
43%
Île de Gorée / Lac Rose / Rallye Dakar
34%
Golfe du Mexique / NASA / Hermann Park Houston
33%
Guggenheim / Nervion / Plaza Nueva Bilbao
27%
Sukiennice / Colline du Wawel / Jean-Paul II Cracovie
25%
Paris de l'Orient / Grotte aux Pigeons / Patriarche Maronite Beyrouth
15%
Luçon / Fort Santiago / Église Saint-Augustin Manille
11%
Aucun quiz correspondant
Distribution des résultats
% des personnes avec chaque résultat
Percentile par nombre de réponses
Votre historique - résultats
Vous n’avez pas pris ce quiz